[Event "SUI-chT"]
[Site "Switzerland"]
[Date "2008.05.25"]
[Round "4.8"]
[White "Hess, Ralf"]
[Black "Maeser, Fabian"]
[Result "1/2-1/2"]
[WhiteElo "2317"]
[BlackElo "2309"]
[PlyCount "45"]
[EventDate "2008.03.02"]
[EventType "team-tourn"]
[EventRounds "9"]
[EventCountry "SUI"]
[SourceTitle "EXT 2009"]
[Source "ChessBase"]
[SourceDate "2008.11.26"]
[SourceVersion "1"]
[SourceVersionDate "2008.11.26"]
[SourceQuality "1"]
[WhiteTeam "Zuerich"]
[BlackTeam "Wollishofen"]
[WhiteTeamCountry "SUI"]
[BlackTeamCountry "SUI"]

1. d4 d5 2. c4 c6 3. Nf3 Nf6 4. e3 a6 5. Nbd2 Bf5 6. Be2 e6 7. 0-0 Nbd7 8. Nh4 Bg6 9. f4 Be4 10. Nhf3 Be7 11. a3 0-0 12. Nxe4 Nxe4 13. Bd3 f5 14. b4 b5 15. c5 a5 16. Bd2 axb4 17. axb4 Qc7 18. Qc2 Qb7 19. Qb2 Bf6 20. Rfb1 Nxd2 21. Nxd2 Rxa1 22. Rxa1 Ra8 23. Nb3 1/2-1/2

[Event "SUI-chT"]
[Site "Switzerland"]
[Date "2007.09.01"]
[Round "6.7"]
[White "Hess, Ralf"]
[Black "Mantovani, Renzo"]
[Result "0-1"]
[WhiteElo "2328"]
[BlackElo "2370"]
[PlyCount "65"]
[EventDate "2007.02.25"]
[EventType "team-tourn"]
[EventRounds "9"]
[EventCountry "SUI"]
[SourceTitle "EXT 2008"]
[Source "ChessBase"]
[SourceDate "2007.11.25"]
[SourceVersion "1"]
[SourceVersionDate "2007.11.25"]
[SourceQuality "1"]
[WhiteTeam "Zuerich"]
[BlackTeam "Mendrisio"]
[WhiteTeamCountry "SUI"]
[BlackTeamCountry "SUI"]

1. d4 Nf6 2. c4 c5 3. d5 g6 4. Nc3 Bg7 5. e4 0-0 6. Bd3 d6 7. h3 e6 8. Nf3 exd5 9. cxd5 a6 10. a4 Nbd7 11. 0-0 Nh5 12. Bg5 Bf6 13. Be3 Re8 14. g4 Ng7 15. Bf4 Ne5 16. Nxe5 Bxe5 17. Bxe5 Rxe5 18. f4 Re8 19. Qf3 Qf6 20. Rae1 Qd4+ 21. Kg2 Bd7 22. e5 c4 23. Bc2 f5 24. Rd1 Qb6 25. e6 Bc8 26. Rf2 Qd8 27. gxf5 gxf5 28. Kh2 b5 29. Rg2 b4 30. Bxf5 Ra7 31. Qh5 Kf8 32. Qxh7 Qf6 33. Qh8+ 0-1

[Event "EU-Cup 22nd"]
[Site "Fuegen"]
[Date "2006.10.14"]
[Round "7.6"]
[White "Hess, Ralf"]
[Black "Bergsson, Snorri"]
[Result "1/2-1/2"]
[WhiteElo "2340"]
[BlackElo "2334"]
[PlyCount "22"]
[EventDate "2006.10.08"]
[EventType "team-swiss"]
[EventRounds "7"]
[EventCountry "AUT"]
[SourceTitle "CBM 115"]
[Source "ChessBase"]
[SourceDate "2006.11.15"]
[SourceVersion "1"]
[SourceVersionDate "2006.11.15"]
[SourceQuality "1"]
[WhiteTeam "Zuerich"]
[BlackTeam "Reykjavik CC"]
[WhiteTeamCountry "SUI"]
[BlackTeamCountry "ISL"]

1. d4 d5 2. c4 dxc4 3. Nf3 a6 4. e3 b5 5. a4 Bb7 6. b3 e6 7. axb5 axb5 8. Rxa8 Bxa8 9. bxc4 bxc4 10. Bxc4 Nf6 11. 0-0 Bd6 1/2-1/2

[Event "SUI-chT"]
[Site "Switzerland"]
[Date "2006.06.11"]
[Round "4.6"]
[White "Kurmann, Oliver"]
[Black "Hess, Ralf"]
[Result "1-0"]
[WhiteElo "2314"]
[BlackElo "2334"]
[PlyCount "109"]
[EventDate "2006.02.26"]
[EventType "team-tourn"]
[EventRounds "9"]
[EventCountry "SUI"]
[SourceTitle "EXT 2007"]
[Source "ChessBase"]
[SourceDate "2006.11.23"]
[SourceVersion "1"]
[SourceVersionDate "2006.11.23"]
[SourceQuality "1"]
[WhiteTeam "Luzern"]
[BlackTeam "Zuerich"]
[WhiteTeamCountry "SUI"]
[BlackTeamCountry "SUI"]

1. e4 c5 2. Nf3 d6 3. d4 cxd4 4. Nxd4 Nf6 5. Nc3 e6 6. Be3 a6 7. f3 b5 8. g4 Bb7 9. Qd2 Qc7 10. 0-0-0 b4 11. Nce2 Nc6 12. Nxc6 Qxc6 13. Nd4 Qa4 14. Kb1 Be7 15. g5 Nd7 16. h4 0-0-0 17. h5 g6 18. Bc4 Ne5 19. Bb3 Qa5 20. hxg6 hxg6 21. Rxh8 Rxh8 22. a3 d5 23. exd5 Bxd5 24. Bxd5 Qxd5 25. axb4 Nc4 26. Qc3 Kb7 27. Bc1 Rc8 28. Qe1 Rd8 29. b3 Qe5 30. Qc3 Nb6 31. Qc6+ Ka7 32. Be3 Qxe3 33. Qc7+ Ka8 34. Qc6+ Ka7 35. Qc7+ Ka8 36. Qxb6 Rd6 37. Qc7 Rxd4 38. Qc8+ Ka7 39. Qc7+ Ka8 40. Rxd4 Qxd4 41. Qc8+ Ka7 42. Qc7+ Ka8 43. Qxe7 Qd1+ 44. Kb2 Qxf3 45. c4 Qf4 46. Qe8+ Ka7 47. Qd7+ Kb8 48. b5 Qe5+ 49. Ka2 axb5 50. Qxb5+ Qxb5 51. cxb5 Kc7 52. Ka3 Kd6 53. Kb4 Kd5 54. b6 Kc6 55. Ka5 1-0

[Event "Oberliga Ost B 9798"]
[Site "Germany"]
[Date "1997.??.??"]
[Round "?.1"]
[White "Hess, Ralf"]
[Black "Hickl, Joerg"]
[Result "0-1"]
[WhiteElo "2360"]
[BlackElo "2565"]
[PlyCount "61"]
[EventDate "1997.09.??"]
[EventType "team"]
[EventRounds "11"]
[EventCountry "GER"]
[SourceTitle "EXT 1999"]
[Source "ChessBase"]
[SourceDate "1998.11.16"]
[SourceVersion "1"]
[SourceVersionDate "1998.11.16"]
[SourceQuality "1"]

1. d4 d6 2. e4 g6 3. Nc3 Bg7 4. Be3 a6 5. h3 b5 6. a4 b4 7. Nd5 Bb7 8. Bd3 a5 9. Nf3 Nd7 10. c3 e6 11. Nf4 Ngf6 12. cxb4 axb4 13. Nd2 0-0 14. 0-0 c5 15. dxc5 Nxc5 16. Bxc5 dxc5 17. Qc2 Bh6 18. g3 Bxf4 19. gxf4 Nh5 20. Rfe1 Nxf4 21. Bf1 Rc8 22. Re3 Qh4 23. Nc4 Rfd8 24. Rd1 Rd4 25. Nd6 Rxd1 26. Qxd1 Rd8 27. e5 h5 28. Qc2 Bd5 29. Qxc5 Qg5+ 30. Kh2 Ng2 31. Nxf7 0-1

[Event "Bundesliga 9596"]
[Site "Germany"]
[Date "1996.??.??"]
[Round "?.5"]
[White "Borik, Otto"]
[Black "Hess, Ralf"]
[Result "1-0"]
[WhiteElo "2400"]
[BlackElo "2400"]
[PlyCount "85"]
[EventDate "1995.10.14"]
[EventType "team-tourn"]
[EventRounds "15"]
[EventCountry "GER"]
[SourceTitle "GER-chT"]
[Source "ChessBase"]
[SourceDate "1999.07.01"]
[SourceVersion "1"]
[SourceVersionDate "1999.07.01"]
[SourceQuality "1"]
[WhiteTeam "Delmenhorst"]
[BlackTeam "Tuebingen"]
[WhiteTeamCountry "GER"]
[BlackTeamCountry "GER"]

1. Nf3 d5 2. c4 c6 3. d4 Nf6 4. Nc3 g6 5. e3 Bg7 6. Bd3 Bg4 7. 0-0 Nbd7 8. cxd5 cxd5 9. Qb3 Bxf3 10. gxf3 0-0 11. Nxd5 e5 12. Nxf6+ Qxf6 13. Qxb7 Qg5+ 14. Kh1 Qh5 15. Be2 exd4 16. Qxd7 Be5 17. h3 d3 18. Bd1 d2 19. Bxd2 Rad8 20. Qg4 Qxg4 21. hxg4 Rxd2 22. Rc1 f5 23. gxf5 Rxf5 24. f4 Bxb2 25. Bb3+ Kf8 26. Rc7 Rh5+ 27. Kg2 a5 28. Rb1 h6 29. Rf7+ Ke8 30. Rb7 Bf6 31. Bf7+ Kd8 32. Bxg6 Rc5 33. Rf7 Bb2 34. Rb7 Bc1 35. Rh7 Bb2 36. Rb7 Bf6 37. R1b6 Bh4 38. Re6 Kc8 39. Rf7 Rxf2+ 40. Kh3 Bd8 41. Be4 Rxa2 42. Ra6 Rb2 43. Ra8+ 1-0

[Event "Bundesliga 9596"]
[Site "Germany"]
[Date "1996.??.??"]
[Round "?.5"]
[White "Brendel, Oliver"]
[Black "Hess, Ralf"]
[Result "1-0"]
[WhiteElo "2375"]
[BlackElo "2400"]
[PlyCount "47"]
[EventDate "1995.10.14"]
[EventType "team-tourn"]
[EventRounds "15"]
[EventCountry "GER"]
[SourceTitle "GER-chT"]
[Source "ChessBase"]
[SourceDate "1999.07.01"]
[SourceVersion "1"]
[SourceVersionDate "1999.07.01"]
[SourceQuality "1"]
[WhiteTeam "Zaehringen"]
[BlackTeam "Tuebingen"]
[WhiteTeamCountry "GER"]
[BlackTeamCountry "GER"]

1. e4 c5 2. Nf3 e6 3. d4 cxd4 4. Nxd4 a6 5. Bd3 Nc6 6. Nxc6 bxc6 7. Nc3 d5 8. 0-0 Bd6 9. Re1 Ne7 10. Qh5 e5 11. f4 Be6 12. exd5 cxd5 13. fxe5 Bc5+ 14. Kh1 Qd7 15. Qe2 Qb7 16. Na4 Ba7 17. Bxa6 Qc7 18. Nc3 Bc5 19. Bd3 h5 20. Nb5 Qb6 21. c3 Bg4 22. Qc2 Rc8 23. b4 Bxb4 24. Rb1 1-0

[Event "New York op"]
[Site "New York"]
[Date "1993.??.??"]
[Round "3"]
[White "Adianto, Utut"]
[Black "Hess, Ralf"]
[Result "1-0"]
[WhiteElo "2490"]
[BlackElo "2390"]
[PlyCount "111"]
[EventDate "1993.04.07"]
[EventType "swiss"]
[EventRounds "9"]
[EventCountry "USA"]
[SourceTitle "TD"]
[Source "ChessBase"]
[SourceDate "1994.03.01"]
[SourceVersion "1"]
[SourceVersionDate "1994.03.01"]
[SourceQuality "1"]

1. d4 Nf6 2. c4 e6 3. Nf3 b6 4. Nc3 Bb4 5. Bg5 h6 6. Bh4 0-0 7. e4 g5 8. Nxg5 hxg5 9. Bxg5 Be7 10. Bd3 Nh7 11. Bh6 Bg5 12. Bxf8 Qxf8 13. h4 Bh6 14. Rh3 Nc6 15. e5 f5 16. exf6 Nxf6 17. Qf3 d5 18. Rg3+ Kf7 19. Rg6 Ke7 20. cxd5 Nb4 21. dxe6 Nxd3+ 22. Qxd3 Bxe6 23. d5 Bg8 24. Kf1 Bh7 25. Re1+ Kd8 26. Re6 Ng4 27. Qg3 Bxg6 28. Rxg6 Ne3+ 29. Kg1 Nf5 30. Qg4 Ne7 31. Re6 Bg7 32. d6 cxd6 33. Rxd6+ Ke8 34. Qa4+ Kf7 35. Qc4+ Ke8 36. Nb5 Rc8 37. Nc7+ Rxc7 38. Qxc7 Qf5 39. Rd8+ Kf7 40. Qc4+ Kg6 41. g4 Qe5 42. Kg2 Kh6 43. Qc1+ Kh7 44. Qc2+ Kh6 45. Qd2+ Kg6 46. Qd6+ Qxd6 47. Rxd6+ Kf7 48. b3 Be5 49. Rd7 a5 50. Rb7 Bd4 51. f4 Kf8 52. Kf3 Nc6 53. Ke4 Bc5 54. h5 Nb4 55. h6 Kg8 56. g5 1-0

[Event "New York op"]
[Site "New York"]
[Date "1993.??.??"]
[Round "7"]
[White "Ashley, Maurice"]
[Black "Hess, Ralf"]
[Result "1-0"]
[WhiteElo "2365"]
[BlackElo "2390"]
[PlyCount "65"]
[EventDate "1993.04.07"]
[EventType "swiss"]
[EventRounds "9"]
[EventCountry "USA"]
[SourceTitle "TD"]
[Source "ChessBase"]
[SourceDate "1994.03.01"]
[SourceVersion "1"]
[SourceVersionDate "1994.03.01"]
[SourceQuality "1"]

1. d4 Nf6 2. c4 c6 3. Nc3 d5 4. e3 e6 5. Nf3 Nbd7 6. Qc2 a6 7. Bd2 dxc4 8. Bxc4 b5 9. Be2 c5 10. 0-0 Bb7 11. Rfd1 Rc8 12. dxc5 Bxc5 13. a3 0-0 14. Rac1 Qe7 15. Qb1 Rfd8 16. h3 Bd6 17. e4 Ne5 18. Bg5 h6 19. Be3 Nxf3+ 20. Bxf3 Nd7 21. Be2 Ne5 22. Bb6 Bc7 23. Rxd8+ Qxd8 24. Rd1 Qh4 25. Bxc7 Rxc7 26. Rd4 Rc5 27. Qd1 Ng6 28. g3 Rg5 29. Kh2 Rxg3 30. fxg3 Qf6 31. Bf3 Ne5 32. Bg2 h5 33. Rd8+ 1-0

[Event "BL2-Ost 9394"]
[Site "Germany"]
[Date "1993.??.??"]
[Round "?.1"]
[White "Hess, Ralf"]
[Black "Gutman, Lev"]
[Result "0-1"]
[WhiteElo "2400"]
[BlackElo "2450"]
[PlyCount "62"]
[EventDate "1993.10.??"]
[EventType "team-tourn"]
[EventRounds "9"]
[EventCountry "GER"]
[SourceTitle "GER-chT2"]
[Source "ChessBase"]
[SourceDate "1999.07.01"]
[SourceVersion "1"]
[SourceVersionDate "1999.07.01"]
[SourceQuality "1"]
[WhiteTeam "Frankfurt FTG"]
[BlackTeam "Kassel Hermania"]
[WhiteTeamCountry "GER"]
[BlackTeamCountry "GER"]

1. d4 Nf6 2. c4 g6 3. Nc3 d5 4. Nf3 Bg7 5. Bg5 dxc4 6. e4 c5 7. d5 0-0 8. Nd2 h6 9. Bh4 Nbd7 10. Bxc4 Ne8 11. a4 Nd6 12. Be2 f5 13. exf5 Nxf5 14. Bg3 Nf6 15. 0-0 e6 16. dxe6 Bxe6 17. Bc4 Bf7 18. Re1 Qd7 19. Bb5 Qd4 20. Be5 Qb4 21. Na2 Qa5 22. Nc4 Qd8 23. Nd6 Nxd6 24. Bxd6 Ng4 25. Bxf8 Qh4 26. h3 Nxf2 27. Be7 Nxh3+ 28. Kh2 Ng5+ 29. Kg1 Bd4+ 30. Qxd4 Qxd4+ 31. Kh1 Bxa2 0-1

[Event "New York op"]
[Site "New York"]
[Date "1993.??.??"]
[Round "9"]
[White "Vucic, Mladen"]
[Black "Hess, Ralf"]
[Result "1-0"]
[WhiteElo "2385"]
[BlackElo "2390"]
[PlyCount "75"]
[EventDate "1993.04.07"]
[EventType "swiss"]
[EventRounds "9"]
[EventCountry "USA"]
[SourceTitle "TD"]
[Source "ChessBase"]
[SourceDate "1994.03.01"]
[SourceVersion "1"]
[SourceVersionDate "1994.03.01"]
[SourceQuality "1"]

1. d4 Nf6 2. Nf3 d5 3. c4 c6 4. cxd5 cxd5 5. Nc3 Nc6 6. Bf4 e6 7. e3 a6 8. Rc1 Bd7 9. Be2 Be7 10. 0-0 0-0 11. h3 b5 12. Ne5 Nxe5 13. Bxe5 Qa5 14. Ra1 Rfc8 15. Bd3 b4 16. Ne2 Bb5 17. Bxf6 Bxf6 18. Bxb5 Qxb5 19. Qd2 Rc4 20. b3 Rc6 21. Rac1 Rac8 22. Rxc6 Rxc6 23. Rc1 Be7 24. Rc2 g6 25. g4 a5 26. Qc1 Ra6 27. Rc8+ Kg7 28. Nf4 Bd6 29. g5 a4 30. h4 Bxf4 31. exf4 axb3 32. Qe1 f6 33. gxf6+ Kf7 34. Rc7+ Kf8 35. Qc1 Ra8 36. f5 b2 37. Qh6+ Ke8 38. Re7+ 1-0

[Event "BL2-West 9192"]
[Site "Germany"]
[Date "1992.??.??"]
[Round "6.2"]
[White "Adler, Joel Arturo Manuel"]
[Black "Hess, Ralf"]
[Result "1/2-1/2"]
[WhiteElo "2255"]
[BlackElo "2330"]
[PlyCount "90"]
[EventDate "1991.10.??"]
[EventType "team-tourn"]
[EventRounds "9"]
[EventCountry "GER"]
[SourceTitle "GER-chT2"]
[Source "ChessBase"]
[SourceDate "1999.07.01"]
[SourceVersion "1"]
[SourceVersionDate "1999.07.01"]
[SourceQuality "1"]
[WhiteTeam "Godesberg"]
[BlackTeam "Frankfurt II"]
[WhiteTeamCountry "GER"]
[BlackTeamCountry "GER"]

1. d4 Nf6 2. c4 e6 3. Nf3 d5 4. Bg5 c6 5. Nc3 Nbd7 6. e3 Be7 7. Rc1 a6 8. c5 Ne4 9. Nxe4 dxe4 10. Bxe7 Qxe7 11. Nd2 f5 12. Qh5+ Qf7 13. Qxf7+ Kxf7 14. Bc4 Kf6 15. f4 exf3 16. Nxf3 e5 17. 0-0 g6 18. h4 Re8 19. Rfd1 e4 20. Ng5 Re7 21. b4 h6 22. Nh3 g5 23. hxg5+ hxg5 24. d5 cxd5 25. Rxd5 Ne5 26. Rd6+ Be6 27. Bd5 Ng4 28. c6 Nxe3 29. cxb7 Rb8 30. Rc8 Rbxb7 31. Bxb7 Rxb7 32. Re8 Re7 33. Rxe7 Kxe7 34. Rxa6 Bc4 35. Ra7+ Kf6 36. a4 Nd5 37. b5 g4 38. Ra6+ Ke5 39. Ng5 e3 40. g3 f4 41. Re6+ Kf5 42. gxf4 e2 43. Kf2 Nxf4 44. Re3 Kxg5 45. b6 Ba6 1/2-1/2

[Event "Bundesliga 9192"]
[Site "Germany"]
[Date "1991.??.??"]
[Round "?.8"]
[White "Hess, Ralf"]
[Black "Becker, Michael"]
[Result "1/2-1/2"]
[WhiteElo "2330"]
[BlackElo "2285"]
[PlyCount "57"]
[EventDate "1991.10.12"]
[EventType "team-tourn"]
[EventRounds "15"]
[EventCountry "GER"]
[SourceTitle "GER-chT"]
[Source "ChessBase"]
[SourceDate "1999.07.01"]
[SourceVersion "1"]
[SourceVersionDate "1999.07.01"]
[SourceQuality "1"]
[WhiteTeam "Frankfurt FTG"]
[BlackTeam "Buna Halle"]
[WhiteTeamCountry "GER"]
[BlackTeamCountry "GER"]

1. d4 Nf6 2. c4 c5 3. e3 g6 4. Nf3 Bg7 5. Nc3 0-0 6. dxc5 Na6 7. Be2 Nxc5 8. 0-0 b6 9. Nd4 Bb7 10. Bf3 Bxf3 11. Qxf3 Rc8 12. b3 Ne6 13. Bb2 d6 14. Rfd1 Qd7 15. Rac1 Ng5 16. Qf4 Ne6 17. Qh4 Rc5 18. Ne4 Rh5 19. Nxf6+ Bxf6 20. Qg4 Rg5 21. Qf3 Nxd4 22. Bxd4 Bxd4 23. exd4 Rf5 24. Qe3 Qe6 25. Qd3 Qf6 26. Rc2 a5 27. Re2 e6 28. Qg3 Rf4 29. Qe3 1/2-1/2

[Event "Lugano op"]
[Site "Lugano"]
[Date "1989.03.11"]
[Round "9"]
[White "Gawehns, Klaus"]
[Black "Hess, Ralf"]
[Result "0-1"]
[WhiteElo "2355"]
[BlackElo "2330"]
[PlyCount "82"]
[EventDate "1989.03.03"]
[EventType "swiss"]
[EventRounds "9"]
[EventCountry "SUI"]
[SourceTitle "TD"]
[Source "ChessBase"]
[SourceDate "1994.03.01"]
[SourceVersion "1"]
[SourceVersionDate "1994.03.01"]
[SourceQuality "1"]

1. d4 Nf6 2. c4 e6 3. Nc3 Bb4 4. e3 b6 5. Bd3 Bb7 6. Nf3 c5 7. 0-0 Bxc3 8. bxc3 d6 9. Re1 Nbd7 10. e4 e5 11. d5 Nf8 12. Nh4 Ng6 13. Nf5 0-0 14. Qf3 Ne8 15. g3 Kh8 16. h4 Qd7 17. Bg5 f6 18. Bd2 Rf7 19. a4 Qd8 20. Kg2 Nf8 21. Qd1 Bc8 22. f4 a5 23. Qh5 Raa7 24. Ne3 exf4 25. gxf4 Rae7 26. Nf1 Qd7 27. Re3 Ng6 28. Rg3 f5 29. e5 Nxf4+ 30. Bxf4 dxe5 31. Bg5 Nf6 32. Qe2 f4 33. Bxf6 fxg3 34. Bxe7 Rf2+ 35. Kxg3 Rxe2 36. Bxe2 Qxe7 37. Bg4 Bxg4 38. Kxg4 Qf6 39. Ng3 Qf4+ 40. Kh3 Qxc4 41. Rd1 Qxa4 0-1

[Event "Lugano op"]
[Site "Lugano"]
[Date "1989.03.08"]
[Round "6"]
[White "Hess, Ralf"]
[Black "Welin, Thomas"]
[Result "0-1"]
[WhiteElo "2330"]
[BlackElo "2395"]
[PlyCount "72"]
[EventDate "1989.03.03"]
[EventType "swiss"]
[EventRounds "9"]
[EventCountry "SUI"]
[SourceTitle "TD"]
[Source "ChessBase"]
[SourceDate "1994.03.01"]
[SourceVersion "1"]
[SourceVersionDate "1994.03.01"]
[SourceQuality "1"]

1. d4 Nf6 2. c4 e6 3. Nc3 Bb4 4. e3 c5 5. Bd3 d5 6. Nf3 cxd4 7. exd4 dxc4 8. Bxc4 0-0 9. 0-0 b6 10. a3 Bxc3 11. bxc3 Bb7 12. Bd3 Nbd7 13. c4 Qc7 14. Re1 Rac8 15. Ne5 Nxe5 16. Rxe5 Rfd8 17. Bb2 h6 18. a4 Qc6 19. Bf1 Ba6 20. Rc1 Qd6 21. Re3 Qf4 22. Rf3 Qh4 23. Rc2 Bb7 24. Rh3 Qf4 25. Rg3 Bc6 26. Bc1 Rxd4 27. Qe1 Qh4 28. Rh3 Qg4 29. Rg3 Rd1 30. Rxg4 Rxe1 31. Rd4 Bxa4 32. Rc3 e5 33. Rdd3 Ne4 34. Re3 Rxf1+ 35. Kxf1 Nxc3 36. Rxc3 Bb5 0-1

[Event "Biel MTO op"]
[Site "Biel"]
[Date "1989.??.??"]
[Round "6"]
[White "Bern, Ivar"]
[Black "Hess, Ralf"]
[Result "0-1"]
[WhiteElo "2355"]
[BlackElo "2295"]
[PlyCount "74"]
[EventDate "1989.07.??"]
[EventType "swiss"]
[EventRounds "11"]
[EventCountry "SUI"]
[SourceTitle "EXT 1997"]
[Source "ChessBase"]
[SourceDate "1996.11.15"]
[SourceVersion "1"]
[SourceVersionDate "1996.11.15"]
[SourceQuality "1"]

1. d4 Nf6 2. c4 e6 3. Nc3 Bb4 4. e3 b6 5. Nge2 Ba6 6. a3 Be7 7. Ng3 d5 8. b3 Bb7 9. cxd5 Nxd5 10. Nxd5 exd5 11. Bd3 g6 12. b4 Nd7 13. Qb3 c6 14. e4 dxe4 15. Bc4 0-0 16. Bh6 Nf6 17. Bxf8 Qxf8 18. 0-0 Bd6 19. Rfe1 Re8 20. h3 b5 21. Bf1 Qh6 22. Ra2 e3 23. Rd1 Qf4 24. Rd3 Nd5 25. Re2 Re4 26. Qc2 h5 27. Rb3 Re6 28. fxe3 Qxg3 29. e4 Qh2+ 30. Kf2 Rf6+ 31. Ke1 Bg3+ 32. Kd2 Rxf1 33. exd5 Bf4+ 34. Kc3 Rc1 35. dxc6 Bxc6 36. Kb2 Rxc2+ 37. Rxc2 Be4 0-1